[Event "NRW Class2 1718"]
[Site "Germany"]
[Date "2018.02.18"]
[Round "6.6"]
[White "Tkachuk, Sergij"]
[Black "Kleinegger, Frank"]
[Result "1-0"]
[WhiteElo "2110"]
[BlackElo "2100"]
[PlyCount "53"]
[EventDate "2017.09.17"]
[EventType "team-tourn"]
[EventRounds "9"]
[EventCountry "GER"]
[SourceTitle "EXT 2019"]
[Source "ChessBase"]
[SourceDate "2018.10.10"]
[SourceVersion "1"]
[SourceVersionDate "2018.10.10"]
[SourceQuality "1"]
[WhiteTeam "Bochum SG II"]
[BlackTeam "Kamen"]
[WhiteTeamCountry "GER"]
[BlackTeamCountry "GER"]

1. e4 e6 2. d4 d5 3. e5 c5 4. Qg4 cxd4 5. Bd3 Nc6 6. Nf3 Nge7 7. 0-0 Nf5 8. Bxf5 exf5 9. Qg3 Be6 10. Nbd2 Qb6 11. Nb3 h6 12. h4 Be7 13. Rd1 0-0-0 14. Nfxd4 g5 15. Nxc6 bxc6 16. h5 f4 17. Qf3 Rdf8 18. Nd4 Rhg8 19. b4 g4 20. Qxf4 g3 21. Be3 gxf2+ 22. Bxf2 Bg5 23. Qf3 Qxb4 24. Nxc6 Qc4 25. Nxa7+ Kb7 26. Rab1+ Ka8 27. Nc6 1-0

[Event "NRW Class2 1617"]
[Site "Germany"]
[Date "2017.02.12"]
[Round "6.5"]
[White "Kleinegger, Frank"]
[Black "Paalman, Henk Jan"]
[Result "1/2-1/2"]
[WhiteElo "2188"]
[BlackElo "2128"]
[PlyCount "36"]
[EventDate "2016.09.25"]
[EventType "team-tourn"]
[EventRounds "9"]
[EventCountry "GER"]
[SourceTitle "EXT 2023"]
[Source "ChessBase"]
[SourceDate "2022.10.05"]
[SourceVersion "1"]
[SourceVersionDate "2022.10.05"]
[SourceQuality "1"]
[WhiteTeam "Kamen SV"]
[BlackTeam "Emsdetten Rochade"]
[WhiteTeamCountry "GER"]
[BlackTeamCountry "GER"]

1. d4 Nf6 2. Bf4 d5 3. e3 c5 4. c3 Nc6 5. Nd2 cxd4 6. exd4 g6 7. Ngf3 Qb6 8. Qb3 Qxb3 9. axb3 Bg7 10. h3 Bf5 11. b4 0-0 12. Bb5 Rfc8 13. 0-0 a6 14. Be2 h5 15. Ra3 Nd7 16. Rfa1 e5 17. dxe5 Ncxe5 18. Ra5 Nc6 1/2-1/2

[Event "NRW Class2 1617"]
[Site "Germany"]
[Date "2016.11.13"]
[Round "3.4"]
[White "Stricker, Florian"]
[Black "Kleinegger, Frank"]
[Result "1/2-1/2"]
[WhiteElo "2098"]
[BlackElo "2188"]
[PlyCount "55"]
[EventDate "2016.09.25"]
[EventType "team-tourn"]
[EventRounds "9"]
[EventCountry "GER"]
[SourceTitle "EXT 2023"]
[Source "ChessBase"]
[SourceDate "2022.10.05"]
[SourceVersion "1"]
[SourceVersionDate "2022.10.05"]
[SourceQuality "1"]
[WhiteTeam "Bochum SG II"]
[BlackTeam "Kamen SV"]
[WhiteTeamCountry "GER"]
[BlackTeamCountry "GER"]

1. d4 Nf6 2. c4 g6 3. Nf3 Bg7 4. g3 0-0 5. Bg2 c6 6. 0-0 d5 7. cxd5 cxd5 8. Nc3 Ne4 9. Bf4 Nxc3 10. bxc3 Nc6 11. Re1 b6 12. Rc1 Na5 13. Nd2 Bb7 14. e4 dxe4 15. Nxe4 Rc8 16. h4 Qd7 17. Kh2 Bd5 18. Qe2 Qa4 19. Nf6+ Bxf6 20. Bxd5 Nc4 21. Bh6 Bg7 22. Bxg7 Kxg7 23. Qxe7 Qxa2 24. Re2 Qa5 25. Bxc4 Rxc4 26. Re5 Qa2 27. Re2 Qa5 28. Re5 1/2-1/2

[Event "NRW Class1 1415"]
[Site "Germany"]
[Date "2015.02.08"]
[Round "6.3"]
[White "Kleinegger, Frank"]
[Black "Tripolsky, Eugene"]
[Result "1-0"]
[WhiteElo "2142"]
[BlackElo "2203"]
[PlyCount "113"]
[EventDate "2014.09.14"]
[EventType "team-tourn"]
[EventRounds "9"]
[EventCountry "GER"]
[SourceTitle "EXT 2017"]
[Source "ChessBase"]
[SourceDate "2016.10.25"]
[SourceVersion "1"]
[SourceVersionDate "2016.10.25"]
[SourceQuality "1"]
[WhiteTeam "Kamen"]
[BlackTeam "Ennepe Ruhr Sued"]
[WhiteTeamCountry "GER"]
[BlackTeamCountry "GER"]

1. e4 d6 2. d4 Nf6 3. Nc3 g6 4. g3 Bg7 5. Bg2 0-0 6. Nge2 Nc6 7. 0-0 e5 8. h3 exd4 9. Nxd4 Re8 10. Be3 a6 11. a4 Rb8 12. a5 Bd7 13. Re1 h5 14. Nb3 Ne5 15. Nd2 Be6 16. f4 Nc6 17. Nd5 Bxd5 18. exd5 Ne7 19. Nc4 Qd7 20. Qd3 Qb5 21. Red1 Nf5 22. Bf2 Nd7 23. Bf1 Nc5 24. Qf3 Qd7 25. g4 hxg4 26. hxg4 Nh6 27. Be2 Ne4 28. Bd4 f5 29. g5 Ng4 30. Kg2 Bxd4 31. Rxd4 Qg7 32. c3 Kf7 33. Rh1 Nef2 34. Rh4 Rh8 35. Qg3 Rxh4 36. Qxh4 Rh8 37. Qg3 Qh7 38. Bxg4 Nxg4 39. Rd1 Qh2+ 40. Qxh2 Rxh2+ 41. Kg3 Re2 42. Rd4 Re1 43. Nd2 Re3+ 44. Nf3 Ke7 45. Rb4 Kd7 46. Rxb7 Rd3 47. Rb8 Rxd5 48. Rg8 Rxa5 49. Rxg6 Ra2 50. Nd4 Rxb2 51. Rg7+ Kc8 52. Nxf5 Nf2 53. Rg8+ Kd7 54. g6 Ne4+ 55. Kf3 Nf6 56. Rf8 Ke6 57. g7 1-0

[Event "Ruhrgebiet Regionalliga 1112"]
[Site "Nordrheinwestfalen"]
[Date "2011.10.23"]
[Round "2.4"]
[White "Bartel, Mario"]
[Black "Kleinegger, Frank"]
[Result "0-1"]
[WhiteElo "2052"]
[BlackElo "2104"]
[PlyCount "57"]
[EventDate "2011.09.25"]
[EventType "team-tourn"]
[EventRounds "9"]
[EventCountry "GER"]
[SourceTitle "EXT 2020"]
[Source "ChessBase"]
[SourceDate "2019.10.17"]
[SourceVersion "1"]
[SourceVersionDate "2019.10.17"]
[SourceQuality "1"]
[WhiteTeam "Wattenscheid SV III"]
[BlackTeam "Kamen SV"]
[WhiteTeamCountry "GER"]
[BlackTeamCountry "GER"]

1. e4 e6 2. d4 d5 3. e5 c5 4. c3 Nc6 5. Nf3 Nge7 6. Bd3 cxd4 7. cxd4 Nf5 8. Be3 Be7 9. Nc3 Nxe3 10. fxe3 f5 11. exf6 Bxf6 12. Qc2 g6 13. 0-0-0 Bd7 14. Rhf1 Qe7 15. a3 0-0 16. h4 Rac8 17. Kb1 a6 18. g4 b5 19. g5 Bg7 20. Qh2 Be8 21. Ne5 Nxe5 22. dxe5 Rxf1 23. Rxf1 b4 24. axb4 Qxb4 25. h5 Rxc3 26. hxg6 Bxg6 27. Bxg6 hxg6 28. Rh1 Qe4+ 29. Ka1 0-1

[Event "Ruhrgebiet Regionalliga 1011"]
[Site "Nordrheinwestfalen"]
[Date "2010.10.31"]
[Round "2.4"]
[White "Kleinegger, Frank"]
[Black "Schuetze, Andre"]
[Result "1-0"]
[WhiteElo "2089"]
[BlackElo "2126"]
[PlyCount "55"]
[EventDate "2010.09.19"]
[EventType "team-tourn"]
[EventRounds "9"]
[EventCountry "GER"]
[SourceTitle "EXT 2020"]
[Source "ChessBase"]
[SourceDate "2019.10.17"]
[SourceVersion "1"]
[SourceVersionDate "2019.10.17"]
[SourceQuality "1"]
[WhiteTeam "Kamen SV"]
[BlackTeam "Horst Emscher"]
[WhiteTeamCountry "GER"]
[BlackTeamCountry "GER"]

1. e4 c5 2. Nc3 Nc6 3. Bb5 g6 4. Bxc6 bxc6 5. d3 Bg7 6. Be3 d6 7. Qd2 e5 8. Nge2 Be6 9. 0-0 Ne7 10. Bh6 0-0 11. Bxg7 Kxg7 12. f4 exf4 13. Nxf4 Qd7 14. Qf2 f6 15. b3 Bg8 16. Rae1 Rae8 17. Re3 Nc8 18. Qh4 Qf7 19. Rg3 g5 20. Nh5+ Kh8 21. Qg4 Qg6 22. Qd1 f5 23. exf5 Rxf5 24. Ne4 Rxf1+ 25. Qxf1 h6 26. Qa1+ Re5 27. Nxd6 Qxd6 28. Re3 1-0

[Event "Ruhrgebiet Regionalliga 0910"]
[Site "Germany"]
[Date "2010.05.02"]
[Round "9.4"]
[White "Kleinegger, Frank"]
[Black "Kropp, Andreas Juergen"]
[Result "1/2-1/2"]
[WhiteElo "2206"]
[BlackElo "1980"]
[PlyCount "124"]
[EventDate "2009.09.06"]
[EventType "team-tourn"]
[EventRounds "9"]
[EventCountry "GER"]
[SourceTitle "EXT 2011"]
[Source "ChessBase"]
[SourceDate "2010.11.26"]
[SourceVersion "1"]
[SourceVersionDate "2010.11.26"]
[SourceQuality "1"]
[WhiteTeam "Kamen"]
[BlackTeam "Dortmund Hansa III"]
[WhiteTeamCountry "GER"]
[BlackTeamCountry "GER"]

1. Nf3 Nf6 2. d4 g6 3. g3 c5 4. d5 e6 5. c4 exd5 6. cxd5 b5 7. Bg2 Bb7 8. e4 Nxe4 9. 0-0 f5 10. Re1 Bg7 11. Ng5 0-0 12. Nxe4 fxe4 13. Nc3 Bxc3 14. bxc3 Qf6 15. Be3 d6 16. Qd2 Qf5 17. Rad1 Nd7 18. Bf4 Nf6 19. Bxd6 Rfd8 20. Bxc5 Rxd5 21. Bd4 Re8 22. Qc2 a6 23. c4 Rc8 24. Qb2 Rd6 25. cxb5 axb5 26. Bxf6 Rxf6 27. Bxe4 Bxe4 28. Rxe4 Rf7 29. Rde1 Rcf8 30. Rf4 Qd7 31. Qb3 Kg7 32. Rd1 Qe8 33. Rxf7+ Rxf7 34. Qd5 h5 35. Rf1 Qe2 36. f4 h4 37. Qg2 Qxg2+ 38. Kxg2 hxg3 39. hxg3 Ra7 40. Rf2 Kf6 41. Rb2 Ra5 42. Kf3 g5 43. Kg4 gxf4 44. gxf4 b4 45. Rxb4 Rxa2 46. Rb6+ Kg7 47. Kg5 Ra7 48. f5 Rc7 49. Rh6 Kg8 50. Kg6 Rc6+ 51. f6 Rc7 52. Rh5 Rg7+ 53. Kf5 Rd7 54. Rh4 Rd1 55. Rg4+ Kf8 56. Kg6 Rf1 57. Rb4 Rg1+ 58. Kf5 Rf1+ 59. Ke5 Re1+ 60. Re4 Ra1 61. Ke6 Ra6+ 62. Kf5 Ra1 1/2-1/2

[Event "Ruhrgebiet Regionalliga 0910"]
[Site "Germany"]
[Date "2009.12.13"]
[Round "4.4"]
[White "Kelbling, Philipp"]
[Black "Kleinegger, Frank"]
[Result "1/2-1/2"]
[WhiteElo "2124"]
[BlackElo "2206"]
[PlyCount "68"]
[EventDate "2009.09.06"]
[EventType "team-tourn"]
[EventRounds "9"]
[EventCountry "GER"]
[SourceTitle "EXT 2011"]
[Source "ChessBase"]
[SourceDate "2010.11.26"]
[SourceVersion "1"]
[SourceVersionDate "2010.11.26"]
[SourceQuality "1"]
[WhiteTeam "Bochum SG III"]
[BlackTeam "Kamen"]
[WhiteTeamCountry "GER"]
[BlackTeamCountry "GER"]

1. d4 d5 2. c4 c6 3. Nf3 Nf6 4. e3 e6 5. Bd3 Nbd7 6. 0-0 Bd6 7. Nc3 b6 8. e4 dxe4 9. Nxe4 Nxe4 10. Bxe4 Bb7 11. Qc2 Qc7 12. Bd2 Nf6 13. h3 Nxe4 14. Qxe4 c5 15. Qe2 0-0 16. dxc5 Bxc5 17. Bc3 Rfd8 18. Rfd1 Qg3 19. Kf1 Bxf3 20. Qxf3 Qxf3 21. gxf3 f6 22. Ke2 Kf7 23. b4 Be7 24. Rxd8 Rxd8 25. Rd1 Rxd1 26. Kxd1 Ke8 27. Kc2 Kd7 28. Kd3 g6 29. a3 f5 30. Be5 Kc6 31. Kc3 a6 32. Kd4 a5 33. Kc3 axb4+ 34. axb4 Bh4 1/2-1/2

[Event "Ruhrgebiet Regionalliga 0910"]
[Site "Germany"]
[Date "2009.09.27"]
[Round "2.2"]
[White "Schlehoefer, Ralf"]
[Black "Kleinegger, Frank"]
[Result "1-0"]
[WhiteElo "2326"]
[BlackElo "2206"]
[PlyCount "87"]
[EventDate "2009.09.06"]
[EventType "team-tourn"]
[EventRounds "9"]
[EventCountry "GER"]
[SourceTitle "EXT 2011"]
[Source "ChessBase"]
[SourceDate "2010.11.26"]
[SourceVersion "1"]
[SourceVersionDate "2010.11.26"]
[SourceQuality "1"]
[WhiteTeam "Wattenscheid III"]
[BlackTeam "Kamen"]
[WhiteTeamCountry "GER"]
[BlackTeamCountry "GER"]

1. d4 Nf6 2. c4 e6 3. Nf3 b6 4. e3 Bb7 5. Bd3 Be7 6. 0-0 0-0 7. Nc3 d5 8. b3 Nbd7 9. Bb2 c5 10. Qe2 Ne4 11. cxd5 Nxc3 12. Bxc3 exd5 13. dxc5 bxc5 14. Ba6 Qb6 15. Bxb7 Qxb7 16. Rfd1 Bf6 17. Rac1 Rac8 18. h3 Rfe8 19. Qd3 Bxc3 20. Qxc3 Nf6 21. Qa5 Qb6 22. Qa4 a5 23. Rc2 Re4 24. Rd4 Ree8 25. Rd1 Re4 26. Qa3 Rb4 27. Nd4 Re8 28. Ne2 d4 29. exd4 cxd4 30. Qc1 h6 31. Rc6 Qa7 32. Nf4 Ne4 33. Nd5 d3 34. Qe3 Qd7 35. Nxb4 axb4 36. Rc4 Nc3 37. Rxd3 Rxe3 38. Rxd7 Re1+ 39. Kh2 Nxa2 40. Rcc7 Rb1 41. Rxf7 Rxb3 42. Rxg7+ Kf8 43. Rh7 Kg8 44. Rhd7 1-0

[Event "Ruhrgebiet Regionalliga 0708"]
[Site "Germany"]
[Date "2008.05.04"]
[Round "9.6"]
[White "Kleinegger, Frank"]
[Black "Labuda, Markus"]
[Result "0-1"]
[WhiteElo "2232"]
[BlackElo "2158"]
[PlyCount "80"]
[EventDate "2007.09.16"]
[EventType "team"]
[EventRounds "9"]
[EventCountry "GER"]
[SourceTitle "EXT 2009"]
[Source "ChessBase"]
[SourceDate "2008.11.26"]
[SourceVersion "1"]
[SourceVersionDate "2008.11.26"]
[SourceQuality "1"]
[WhiteTeam "Kamen"]
[BlackTeam "Oberhausen"]
[WhiteTeamCountry "GER"]
[BlackTeamCountry "GER"]

1. d4 d5 2. Nf3 Nf6 3. c4 c6 4. e3 Bg4 5. h3 Bxf3 6. Qxf3 e6 7. Nc3 Bb4 8. Bd2 Bxc3 9. Bxc3 Ne4 10. Qd1 Nxc3 11. bxc3 0-0 12. Bd3 f5 13. 0-0 Nd7 14. cxd5 cxd5 15. c4 e5 16. cxd5 e4 17. Bc4 Nb6 18. Qb3 Qd6 19. Rfc1 Rac8 20. Rab1 f4 21. a4 fxe3 22. fxe3 Qg3 23. Bf1 Rcd8 24. a5 Nc8 25. Rc3 Nd6 26. Qd1 Rf6 27. Qe1 Qg5 28. Rc5 Rdf8 29. Bb5 b6 30. axb6 axb6 31. Rc6 Qxd5 32. Ba4 Qg5 33. Rbxb6 Rf1+ 34. Qxf1 Qxe3+ 35. Kh2 Rxf1 36. Rb8+ Rf8 37. Bb3+ Nf7 38. Bxf7+ Kxf7 39. Rc7+ Kg8 40. Rbb7 Qxd4 0-1

[Event "Ruhrgebiet Regionalliga 0708"]
[Site "Germany"]
[Date "2008.03.16"]
[Round "7.5"]
[White "Winzbeck, Frank"]
[Black "Kleinegger, Frank"]
[Result "0-1"]
[WhiteElo "1984"]
[BlackElo "2232"]
[PlyCount "60"]
[EventDate "2007.09.16"]
[EventType "team"]
[EventRounds "9"]
[EventCountry "GER"]
[SourceTitle "EXT 2009"]
[Source "ChessBase"]
[SourceDate "2008.11.26"]
[SourceVersion "1"]
[SourceVersionDate "2008.11.26"]
[SourceQuality "1"]
[WhiteTeam "Gladbeck SG"]
[BlackTeam "Kamen"]
[WhiteTeamCountry "GER"]
[BlackTeamCountry "GER"]

1. d4 d5 2. c4 c6 3. Nc3 Nf6 4. Nf3 e6 5. Bg5 h6 6. Bh4 dxc4 7. a4 Bb4 8. Qc2 b5 9. e3 Bb7 10. Be2 Nbd7 11. 0-0 a6 12. Ne5 Qb6 13. Ne4 c5 14. Bxf6 Nxf6 15. dxc5 Bxc5 16. Nxf6+ gxf6 17. Nf3 0-0 18. b3 cxb3 19. Qxb3 b4 20. a5 Qa7 21. Rac1 Rac8 22. Rfd1 Bd5 23. Qb2 Be7 24. Nd4 Rc5 25. Rxc5 Qxc5 26. Bxa6 Qxa5 27. Ra1 Qb6 28. Bd3 Rc8 29. e4 Bb7 30. Nb3 Rc3 0-1

[Event "Ruhrgebiet Regionalliga 0708"]
[Site "Germany"]
[Date "2008.02.24"]
[Round "6.6"]
[White "Tkachuk, Konstantyn"]
[Black "Kleinegger, Frank"]
[Result "1/2-1/2"]
[WhiteElo "2141"]
[BlackElo "2232"]
[PlyCount "63"]
[EventDate "2007.09.16"]
[EventType "team"]
[EventRounds "9"]
[EventCountry "GER"]
[SourceTitle "EXT 2009"]
[Source "ChessBase"]
[SourceDate "2008.11.26"]
[SourceVersion "1"]
[SourceVersionDate "2008.11.26"]
[SourceQuality "1"]
[WhiteTeam "Bochum 31 II"]
[BlackTeam "Kamen"]
[WhiteTeamCountry "GER"]
[BlackTeamCountry "GER"]

1. e4 c6 2. d4 d5 3. e5 Bf5 4. g4 Bd7 5. c4 e6 6. Nc3 Ne7 7. Nge2 h5 8. gxh5 Rxh5 9. Ng3 Rh8 10. Bg5 Qa5 11. Qd2 c5 12. Bxe7 Bxe7 13. cxd5 cxd4 14. Qxd4 exd5 15. Qxd5 Qb6 16. 0-0-0 Be6 17. Qe4 Rh4 18. f4 g5 19. Nf5 Rxf4 20. Ng7+ Kf8 21. Nxe6+ fxe6 22. Qg6 Qe3+ 23. Kb1 Qxe5 24. Bd3 Qf6 25. Qh5 Nc6 26. Ne4 Qg7 27. Rhg1 Rh4 28. Nxg5 Bxg5 29. Rdf1+ Kg8 30. Qxg5 Qxg5 31. Rxg5+ Kh8 32. Rf7 1/2-1/2

[Event "Unna op"]
[Site "Unna"]
[Date "2008.01.01"]
[Round "7"]
[White "Kleinegger, Frank"]
[Black "Naundorf, Maik"]
[Result "1/2-1/2"]
[WhiteElo "2232"]
[BlackElo "2141"]
[PlyCount "89"]
[EventDate "2007.12.27"]
[EventType "swiss"]
[EventRounds "7"]
[EventCountry "GER"]
[SourceTitle "CBM 122 Extra"]
[Source "ChessBase"]
[SourceDate "2008.03.04"]
[SourceVersion "1"]
[SourceVersionDate "2008.03.04"]
[SourceQuality "1"]

1. d4 Nf6 2. Nf3 c5 3. d5 d6 4. Nc3 e5 5. dxe6 Bxe6 6. e4 a6 7. a4 Nc6 8. Bd3 Be7 9. 0-0 0-0 10. h3 h6 11. Re1 Re8 12. Bf1 Qb6 13. Nd5 Bxd5 14. exd5 Nb8 15. a5 Qc7 16. c4 Nbd7 17. Bd2 Bf8 18. Qc2 g6 19. Nh2 Bg7 20. f4 Nf8 21. Nf3 Qd7 22. Bd3 Rxe1+ 23. Rxe1 Re8 24. Rb1 Qc7 25. g3 Re7 26. Kg2 Re8 27. h4 Ng4 28. Qa4 Qd7 29. Qxd7 Nxd7 30. b3 Ne3+ 31. Kf2 Ng4+ 32. Kg2 Ne3+ 33. Kg1 Ng4 34. Re1 Rxe1+ 35. Bxe1 Bf6 36. Bf1 h5 37. Bh3 Be7 38. Nh2 f5 39. Nxg4 hxg4 40. Bf1 Bf6 41. h5 Bd4+ 42. Kg2 Kg7 43. Bd3 Kf6 44. hxg6 Kxg6 45. Kf1 1/2-1/2

[Event "Unna op"]
[Site "Unna"]
[Date "2007.12.29"]
[Round "6"]
[White "Demin, Vladimir"]
[Black "Kleinegger, Frank"]
[Result "0-1"]
[WhiteElo "2450"]
[BlackElo "2232"]
[PlyCount "132"]
[EventDate "2007.12.27"]
[EventType "swiss"]
[EventRounds "7"]
[EventCountry "GER"]
[SourceTitle "CBM 122 Extra"]
[Source "ChessBase"]
[SourceDate "2008.03.04"]
[SourceVersion "1"]
[SourceVersionDate "2008.03.04"]
[SourceQuality "1"]

1. d4 d5 2. c4 e6 3. Nc3 Bb4 4. Nf3 Nf6 5. Bg5 Nbd7 6. Qb3 c5 7. e3 Qa5 8. Bxf6 Nxf6 9. a3 Ne4 10. Rc1 Bxc3+ 11. bxc3 0-0 12. Be2 cxd4 13. Nxd4 dxc4 14. Bxc4 b6 15. f3 Nd6 16. Bd3 Qg5 17. Kf2 Bb7 18. Nxe6 fxe6 19. Qxe6+ Nf7 20. Rhe1 Kh8 21. Qh3 Qh6 22. Qg3 Qd6 23. Rcd1 Qxg3+ 24. hxg3 Rac8 25. Rh1 h6 26. c4 Ne5 27. Be2 Ng4+ 28. Kg1 Nxe3 29. Rd7 Ba6 30. Re7 Rfe8 31. Rxa7 Bxc4 32. Bxc4 Rxc4 33. Kh2 Rc2 34. Rg1 Re5 35. g4 Ra5 36. Rb7 Nc4 37. Re1 Re5 38. Rd1 Rd2 39. Rc1 b5 40. a4 Nd6 41. Rb8+ Kh7 42. axb5 Rxb5 43. Ra8 Rbb2 44. Rg1 Nc4 45. Re8 Re2 46. Rxe2 Rxe2 47. Kg3 Ne3 48. Kh3 Kg6 49. Kg3 Kf6 50. f4 Nd5 51. Rf1 Re3+ 52. Kh2 Rc3 53. Rf2 Ne3 54. Kh3 Nd1+ 55. Rf3 Rxf3+ 56. gxf3 Nf2+ 57. Kh4 Nd3 58. Kg3 g6 59. f5 g5 60. Kg2 Nf4+ 61. Kf2 h5 62. gxh5 Nxh5 63. Ke2 Kxf5 64. Ke3 Nf6 65. Ke2 Kf4 66. Kf2 Nd7 0-1

[Event "Unna op"]
[Site "Unna"]
[Date "2007.12.28"]
[Round "4"]
[White "Happel, Heiner"]
[Black "Kleinegger, Frank"]
[Result "1-0"]
[WhiteElo "2247"]
[BlackElo "2232"]
[PlyCount "94"]
[EventDate "2007.12.27"]
[EventType "swiss"]
[EventRounds "7"]
[EventCountry "GER"]
[SourceTitle "CBM 122 Extra"]
[Source "ChessBase"]
[SourceDate "2008.03.04"]
[SourceVersion "1"]
[SourceVersionDate "2008.03.04"]
[SourceQuality "1"]

1. d4 d5 2. c4 c6 3. Nf3 Nf6 4. e3 Bg4 5. Nc3 e6 6. Qb3 Qb6 7. Ne5 Bh5 8. h3 Nfd7 9. Nd3 dxc4 10. Qxc4 Be7 11. e4 Na6 12. a3 c5 13. d5 e5 14. Be3 Qa5 15. Be2 Bxe2 16. Kxe2 Qd8 17. Qb5 Qb6 18. Qxb6 axb6 19. b3 Nc7 20. a4 0-0 21. Nb2 Ne8 22. Nc4 Nd6 23. Nxd6 Bxd6 24. Nb5 Be7 25. g4 h6 26. Na3 Bg5 27. Bxg5 hxg5 28. h4 gxh4 29. Rxh4 g6 30. Rah1 Kg7 31. g5 Rg8 32. Rh7+ Kf8 33. Ke3 Rg7 34. R7h2 Ke7 35. Nc4 Rf8 36. Rh7 Rxh7 37. Rxh7 Ra8 38. f4 exf4+ 39. Kxf4 b5 40. axb5 Ra1 41. d6+ Ke6 42. Rh8 Rf1+ 43. Ke3 Re1+ 44. Kd2 Rxe4 45. Re8+ Kd5 46. Re7 Rd4+ 47. Kc3 Nf8 1-0